Pensamiento uruguayo. La época de Carlos Vaz Ferreira

Furkejuvvon:
Bibliográfalaš dieđut
Váldodahkki: Mato, Carlos
Materiálatiipa: Girji
Giella:Undetermined
Almmustuhtton: Montevideo, Uruguay Roca Viva 1991
Fáttát:
Fáddágilkorat: Lasit fáddágilkoriid
Eai fáddágilkorat, Lasit vuosttaš fáddágilkora!

MARC

LEADER 00000nam a2200000Ia 4500
008 170316s9999 xx 000 0 und d
090 |a 100 M-24.1p 
100 |a Mato, Carlos 
245 |a Pensamiento uruguayo. La época de Carlos Vaz Ferreira 
260 |a Montevideo, Uruguay 
260 |b Roca Viva 
260 |c 1991 
300 |a 80 páginas 
650 |a FILOSOFÍA 
999 |c 16939  |d 16939 
040 |a cru BVZT 
942 |c 15 D  |h 100 M-24.1p  |2 z